Open Data Biblioteca Nacional de Portugal


República Portuguesa: Ministério da Cultura
Biblioteca Nacional de Portugal

Catálogo da BNP: acesso por Identificadores Unívocos
Registos Bibliográficos associados ao registo de autoridade

Etiqueta de registo: 00254nam 2200025 450
001 2280478
003 http://id.bnportugal.gov.pt/bib/catbnp/2280478
100 ## $a20260316d2025 k y0pory01030103ba
101 0# $aeng$dpor
102 ## $aPT
105 ## $aa m 000yy
106 ## $ar
200 1# $a The role of hybridization in speciation an adaptation$einsights from Iberian freswater fish species$fSofia Lopes Mendes$gorient. Vítor C. Sousa, Philine G. D. Feulner, Carla Sousa Santos
210 #9 $aLisboa$c[s.n.],$d2025
215 ## $a[2] f., XII, 333 p.$cil.$d30 cm$ecurrículum vitae (5 p.)
328 #1 $aTese dout. Biologia (Biologia Evolutiva), Faculdade de Ciências da Universidade de Lisboa, 2025
675 ## $a591.37(043)$vBN$zpor$31678887
675 ## $a597.4/.5(043)$vBN$zpor$31340323
700 #1 $a Mendes,$bSofia Lopes$31991514
702 #1 $aFerreira,$bVítor Miguel Carneiro de Sousa,$f1960-$4727$3200719
702 #1 $aFeulner,$bPhiline G. D.$4727$31991516
702 #1 $aSantos,$bCarla Patrícia Cândido de Sousa$4727$31912684
801 #0 $aPT$bBN$gRPC
966 ## $lBN$mFGMON$sS.A. 193560 V.$x1
971 ## $cabrito$d20260316
972 ## $e0$z0$d20260424$vasantos
973 ## $ctrodrigues$d20260414

OpendataBNP@bnportugal.pt | Mais informação sobre acesso aos dados BNP